Ciudades por país #3 - Estadísticas

Estadísticas generales
  • Esta prueba ha sido intentada 85 veces
  • La puntuación promedio es 71 de 90
Estadísticas de respuestas
Pregunta Azulejo Select % Correcto
Irán? Bakú No
97%
Suecia? Estocolmo
97%
Suecia? Reykiavík No
97%
Colombia? Tegucigalpa No
97%
Suecia? Helsinki No
96%
Rumanía? Belgrado No
95%
Colombia? Medellín
95%
Rumanía? Sofía No
95%
Irán? Teherán
95%
los Países Bajos? Ámsterdam
94%
Egipto? Beirut No
94%
Colombia? Bogotá
92%
Rumanía? Bucarest
92%
Arabia Saudita? Doha No
92%
Vietnam? Hanói
92%
Nigeria? Lagos
92%
Arabia Saudita? Riad
92%
Egipto? Alejandría
91%
Colombia? Cali
91%
Egipto? El Cairo
91%
los Países Bajos? Lille No
91%
los Países Bajos? Rotterdam
91%
Egipto? Trípoli No
91%
Nueva Zelanda? Wellington
91%
Colombia? Barranquilla
90%
Rumanía? Chisinau No
90%
Arabia Saudita? La Meca
90%
Suecia? Malmö
90%
Arabia Saudita? Mascate No
90%
Nigeria? Abuya
88%
Nueva Zelanda? Auckland
88%
Suecia? Nuuk No
88%
Egipto? Suez
88%
Nigeria? Porto-Novo No
87%
los Países Bajos? Brujas No
86%
los Países Bajos? Utrecht
86%
Colombia? Cartagena de Indias
85%
Colombia? Guayaquil No
85%
los Países Bajos? La Haya
85%
Arabia Saudita? Medina
85%
Arabia Saudita? Saná No
85%
Rumanía? Timisoara
85%
Egipto? Amán No
83%
Suecia? Gotemburgo
83%
Nueva Zelanda? Honiara No
83%
Vietnam? Vientián No
83%
los Países Bajos? Bremen No
81%
Colombia? Barquisimeto No
79%
Vietnam? Ciudad Ho Chi Min
79%
Rumanía? Cluj-Napoca
79%
Vietnam? Denpasar No
79%
Egipto? Luxor
79%
Irán? Isfahan
78%
Vietnam? Nom Pen No
78%
Suecia? Västerås
78%
Arabia Saudita? Yeda
78%
los Países Bajos? Maastricht
77%
Irán? Mosul No
77%
Rumanía? Brasov
76%
Rumanía? Galati
76%
Suecia? Upsala
74%
Vietnam? Da Nang
73%
Egipto? Port Said
73%
Egipto? Asuán
72%
Nigeria? Kano
72%
Vietnam? Can Tho
71%
Nueva Zelanda? Christchurch
71%
Rumanía? Craiova
71%
Nigeria? Cotonou No
69%
Irán? Mashhad
69%
Suecia? Umeå
69%
Vietnam? Ha Long
68%
Nueva Zelanda? Hamilton
68%
Vietnam? Nha Trang
68%
Arabia Saudita? Taif
65%
Nueva Zelanda? Hobart No
63%
Irán? Shiraz
63%
Arabia Saudita? Damán
62%
los Países Bajos? Groninga
62%
Irán? Peshawar No
62%
Irán? Tabriz
60%
Colombia? Bucaramanga
59%
Nueva Zelanda? Darwin No
58%
Nigeria? Ibadán
58%
Nigeria? Douala No
56%
Irán? Qom
56%
Nigeria? Maiduguri
49%
Nueva Zelanda? Dunedin
44%
Nigeria? Port Harcourt
44%
Nueva Zelanda? Tauranga
42%
No se encontraron pruebas coincidentes
Distribución de puntuación
Porcentaje de gente con cada puntuación
Porcentaje por número respondido
Historial de tus puntuaciones
No has intentado esta prueba.